000 01250nam0a22002651 4500
001 rc\526122
005 20260406143501.0
010 _a5-02-028666-4
_93650
035 _a(NLR Aleph) 005764684
090 _a4974558
_c4974558
100 _a20030616d1988 |||y0rusy50 ca
101 0 _arus
102 _aRU
105 _aa |||||||||
200 1 _aПроблемы и перспективы современной иммунологии
_eМетодол. анализ
_e[Сб. ст.]
_fАН СССР, Сиб. отд-ние, АМН СССР, Сиб. отд-ние, Ин-т клинич. иммунологии
_g[Отв. ред. Р.В. Петров, В.П. Лозовой]
210 _aНовосибирск
_cНаука. Сиб. отд-ние
_d1988
215 _a255 с.
_cил.
_d21
320 _aБиблиогр. в конце ст.
702 1 _4340
_7ca
_8rus
_aПетров
_bР. В.
_cд-р мед. наук, иммунология
_f1930-
_gРэм Викторович
_9222345
_3RU\NLR\AUTH\770222401
712 0 2 _aИнститут клинической иммунологии
_cНовосибирск
_3RU\NLR\AUTH\889922675
_9341331
801 0 _aRU
_bNLR
_gpsbo
801 1 _aRU
_bELAR
_2rusmarc
852 _aNLR
_j88-3/3528
942 _cBOOK
980 _aNB